[Event "Druzynowe Mistrzostwa Polski II Liga"]
[Site "Szklarska Poreba"]
[Date "1899-12-30"]
[Round "3.53"]
[White "Zurkowski, Andrzej"]
[Black "Czyz, Artur"]
[Result "1-0"]
[WhiteTitle "k+"]
[BlackTitle "k"]
[WhiteElo "2048"]
[BlackElo "1907"]

1. d4 Nf6 2. c4 g6 3. Nc3 Bg7 4. e4 d6 5. f3 O-O 6. Be3 e5 7. Nge2 exd4 8. Nxd4
Nc6 9. Nc2 Ne5 10. Qd2 Be6 11. b3 Re8 12. Be2 Qe7 13. O-O Rad8 14. Rad1 a6 15.
h3 Nc6 16. Bg5 Qf8 17. Nd5 Bxd5 18. cxd5 Nb8 19. a4 h6 20. Be3 Nh5 21. Bd3 Nd7
22. Nd4 Ne5 23. Bc2 Ng3 24. Rfe1 Kh7 25. Bf2 Nh5 26. f4 Nd7 27. Nf3 Nb8 28. e5
f5 29. exf6 Bxf6 30. g4 Ng7 31. h4 h5 32. g5 Be7 33. Nd4 Qf7 34. Ne6 Nd7 35. Nxg7
Kxg7 36. Bd4+ Kg8 37. Re6 Nf8 38. f5 Nxe6 39. dxe6 Qf8 40. f6 Bxf6 41. Bxf6 Rxe6
42. Qd5 Qf7 43. Bxg6 Re1+ 44. Kf2 Qxd5 45. Rxd5 Rde8 46. Bxe8 Rxe8 47. g6 Re6
48. Rf5 d5 49. g7 c5 50. Be5 Re8 51. Rxh5 Kf7 52. Rh8 Rg8 53. h5 b5 54. h6 1-0

[Event "Druzynowe Mistrzostwa Polski II Liga"]
[Site "Szklarska Poreba"]
[Date "1899-12-30"]
[Round "3.54"]
[White "Ryng, Malgorzata"]
[Black "Murawko, Katarzyna"]
[Result "1-0"]
[WhiteTitle "m"]
[BlackTitle "k"]
[WhiteElo "2045"]
[BlackElo "1988"]

1. e4 c5 2. Nf3 d6 3. d4 cxd4 4. Nxd4 Nf6 5. Nc3 a6 6. Bc4 e6 7. Bb3 Be7 8. g4
h6 9. Be3 Nc6 10. Rg1 Qc7 11. h4 g6 12. g5 hxg5 13. hxg5 Nh5 14. Qd2 Bd7 15. O-O-O
Na5 16. f4 b5 17. f5 Nc4 18. Qf2 Rc8 19. Rgf1 Rf8 20. f6 Bd8 21. Bxc4 bxc4 22.
Nf3 Rb8 23. Qd2 d5 24. exd5 Qb7 25. b3 Ba5 26. Qd4 Ng3 27. Rfe1 Nf5 28. Qe5 Bc7
29. Qe4 cxb3 30. axb3 Nxe3 31. Rxe3 Qb4 32. dxe6 fxe6 33. Rxd7 Kxd7 34. Qxe6+
1-0

[Event "Druzynowe Mistrzostwa Polski II Liga"]
[Site "Szklarska Poreba"]
[Date "1899-12-30"]
[Round "3.55"]
[White "Dzierzak, Radoslaw"]
[Black "Zaskalski, Arkadiusz"]
[Result "1/2-1/2"]
[WhiteTitle "I++"]
[BlackTitle "k"]
[WhiteElo "2251"]
[BlackElo "2165"]

1. e4 c5 2. Nf3 Nc6 3. d4 cxd4 4. Nxd4 Nf6 5. Nc3 g6 6. Nxc6 bxc6 7. e5 Ng8 8.
Bc4 Bg7 9. Qf3 f5 10. Bf4 e6 11. O-O-O Qc7 12. Qe3 Ne7 13. Qc5 Qb6 14. Qd6 Nd5
15. Bg5 Bf8 16. Nxd5 cxd5 17. Qxb6 axb6 18. Bf6 Bh6+ 19. Kb1 Rf8 20. Bb5 Bb7 21.
Rd3 Rf7 22. h4 Bg7 23. Bxg7 Rxg7 24. Rhh3 O-O-O 25. f4 Kc7 26. Ra3 d6 27. Rac3+
Kb8 28. exd6 Rxd6 29. Rcg3 Re7 30. Kc1 Bc6 31. Bxc6 Rxc6 32. h5 gxh5 33. Rg5 Rec7
34. c3 d4 35. Kc2 1/2-1/2

[Event "Druzynowe Mistrzostwa Polski II Liga"]
[Site "Szklarska Poreba"]
[Date "1899-12-30"]
[Round "3.56"]
[White "Markiewicz, Jerzy"]
[Black "Walter, Szymon"]
[Result "1/2-1/2"]
[WhiteTitle "FM"]
[BlackTitle "k"]
[WhiteElo "2156"]
[BlackElo "2263"]

1. e4 c5 2. Nf3 d6 3. d4 cxd4 4. Nxd4 Nf6 5. Nc3 g6 6. Be3 a6 7. Qd2 b5 8. a4 e5
9. Nb3 b4 10. Nd5 Nbd7 11. a5 Bb7 12. Bc4 Bxd5 13. Bxd5 Nxd5 14. Qxd5 Be7 15.
Bh6 Qc8 16. f3 Ra7 17. Qd2 Qc4 18. O-O-O Rc7 19. Kb1 Nc5 20. Qd5 Ne6 21. Qxc4
Rxc4 22. Be3 f5 23. Nd2 Rc6 24. b3 f4 25. Bf2 Kf7 26. Nc4 Rxc4 27. bxc4 Rc8 28.
Rd3 Rxc4 29. Rhd1 Nc7 30. Kb2 Nb5 31. Rb3 Ke6 32. Rd5 Nc3 33. Rd3 d5 34. exd5+
Nxd5 35. Bb6 Bf6 36. Kc1 g5 37. Kd2 e4 38. fxe4 Rxe4 39. Rh3 Nc3 40. Kd3 g4 41.
Rxc3 bxc3 42. Kxe4 gxh3 43. gxh3 Be5 44. Bc5 Bc7 1/2-1/2

[Event "Druzynowe Mistrzostwa Polski II Liga"]
[Site "Szklarska Poreba"]
[Date "1899-12-30"]
[Round "3.57"]
[White "Faron, Rafal"]
[Black "Augustyn, Sebastian"]
[Result "1/2-1/2"]
[WhiteTitle "k"]
[BlackTitle "k"]
[WhiteElo "2115"]
[BlackElo "2144"]

1. c4 g6 2. g3 Bg7 3. Bg2 e5 4. Nc3 Ne7 5. e3 O-O 6. Nge2 c6 7. O-O d6 8. b3 Be6
9. Ba3 Re8 10. d4 Nf5 11. d5 Qa5 12. dxe6 Qxa3 13. exf7+ Kxf7 14. Nb5 Qa5 15.
g4 a6 16. gxf5 axb5 17. fxg6+ hxg6 18. f4 Ke7 19. Qc2 e4 20. Nd4 Kd7 21. Bxe4
bxc4 22. Bxg6 Rxe3 23. Nf5 Bxa1 24. Nxe3 Bd4 25. Qe4 Qc5 26. Re1 Rxa2 27. bxc4
Ra3 28. Qf5+ Qxf5 29. Bxf5+ Ke7 30. Kf2 Kf6 31. Bc8 b5 32. cxb5 cxb5 33. Kf3 b4
34. Ke4 Bxe3 35. Rxe3 b3 36. Re1 b2 37. Rb1 Rc3 38. Bb7 Ke5+ 1/2-1/2

[Event "Druzynowe Mistrzostwa Polski II Liga"]
[Site "Szklarska Poreba"]
[Date "1899-12-30"]
[Round "3.58"]
[White "Czarnecki, Wojciech"]
[Black "Kastelik, Adrian"]
[Result "0-1"]
[WhiteTitle "k"]
[BlackTitle "I++"]
[WhiteElo "2020"]
[BlackElo "2168"]

1. d4 d5 2. c4 c6 3. g3 Nf6 4. Bg2 Bf5 5. Nc3 e6 6. Nf3 h6 7. O-O Nbd7 8. b3 Qa5
9. Bb2 Ne4 10. Qc1 Bb4 11. Nxe4 dxe4 12. a3 exf3 13. axb4 Qxb4 14. Bxf3 Qxb3 15.
d5 cxd5 16. Bxg7 Rg8 17. Bb2 Qxc4 18. Qxc4 dxc4 19. Bxb7 Rb8 20. Rxa7 e5 21. Ba3
Rg6 22. Rc1 Nb6 23. Ba6 Bd7 24. Rd1 Re6 25. Bc5 c3 26. Bb4 c2 27. Rc1 Nd5 28.
Bd2 Rb1 29. Bc4 Reb6 30. Ra8+ Ke7 31. Ra2 Rxc1+ 32. Bxc1 Rb1 33. Rxc2 Ba4 34.
Bb3 Bxb3 35. Rc5 Kd6 36. Rc8 Nc7 37. Rd8+ Ke7 0-1

[Event "Druzynowe Mistrzostwa Polski II Liga"]
[Site "Szklarska Poreba"]
[Date "1899-12-30"]
[Round "3.59"]
[White "Wielek, Thomas"]
[Black "Markiewicz, Mateusz"]
[Result "0-1"]
[WhiteTitle "I"]
[BlackTitle "I++"]
[WhiteElo "1803"]
[BlackElo "2021"]

1. e4 c5 2. Nc3 e6 3. f4 Nf6 4. Nf3 d5 5. e5 d4 6. Bb5+ Bd7 7. exf6 dxc3 8. Bxd7+
Qxd7 9. bxc3 gxf6 10. O-O Nc6 11. d4 O-O-O 12. Be3 Qd5 13. Qd3 c4 14. Qe2 Kb8
15. a4 Rc8 16. Rfb1 Ne7 17. Nd2 Nf5 18. Rb5 Qc6 19. Rab1 Nd6 20. d5 Qa6 21. R5b4
exd5 22. Bd4 Bg7 23. Qe7 Rc7 24. Qe2 Re8 25. Qh5 Qc6 26. Qxh7 Bf8 27. Nf3 Ne4
28. Rb5 Qe6 29. f5 Qd7 30. g4 a6 31. Ra5 Rc6 32. Rb6 Rxb6 33. Bxb6 Nxc3 34. Nd4
Bb4 35. Qh6 Qd6 0-1

[Event "Druzynowe Mistrzostwa Polski II Liga"]
[Site "Szklarska Poreba"]
[Date "1899-12-30"]
[Round "3.60"]
[White "Jalowiec, Halina"]
[Black "Binkowska, Agata"]
[Result "1-0"]
[WhiteTitle "WFM"]
[BlackTitle "I++"]
[WhiteElo "1967"]
[BlackElo "1822"]

1. e4 e6 2. d4 d5 3. Nd2 Nf6 4. e5 Nfd7 5. f4 c5 6. c3 Nc6 7. Ndf3 cxd4 8. cxd4
Bb4+ 9. Bd2 Qb6 10. a3 Be7 11. Bc3 O-O 12. Bd3 f5 13. Ne2 Na5 14. Nd2 Qc7 15.
Qa4 Nc6 16. b4 Nb6 17. Qb3 a5 18. O-O a4 19. Qc2 Bd7 20. Rac1 Rac8 21. Qd1 Na7
22. Bb2 Qb8 23. Nc3 Rc7 24. Qe2 Rfc8 25. g4 g6 26. Qg2 Kh8 27. g5 Bc6 28. Qe2
Be8 29. Qd1 Rd8 30. Be2 Nc6 31. Nb5 Rcc8 32. Rf3 Na7 33. Nc3 Nc4 34. Nxc4 dxc4
35. d5 exd5 36. Nxd5 Nc6 37. Bxc4 Qa7+ 38. Kg2 Bf8 39. Rd3 Ne7 40. e6+ Bg7 41.
Bxg7+ Kxg7 42. Nxe7 1-0

[Event "Druzynowe Mistrzostwa Polski II Liga"]
[Site "Szklarska Poreba"]
[Date "1899-12-30"]
[Round "3.61"]
[White "Dowgird, Filip"]
[Black "Snihur, Piotr"]
[Result "0-1"]
[WhiteTitle "k"]
[BlackTitle "k"]
[WhiteElo "2270"]
[BlackElo "2181"]

1. e4 c5 2. g3 Nc6 3. Bg2 d6 4. c3 e5 5. Ne2 Nf6 6. d4 Be7 7. d5 Na5 8. Nd2 b5
9. b4 Nb7 10. a4 Qb6 11. a5 Qc7 12. O-O O-O 13. h3 Bd7 14. a6 Nd8 15. bxc5 dxc5
16. c4 b4 17. f4 Bd6 18. Nb3 Bc8 19. Be3 Nd7 20. Ra5 Rb8 21. Qa1 Re8 22. f5 f6
23. Bf3 Kh8 24. g4 Nf7 25. Rc1 Rg8 26. h4 g6 27. Kf2 Bf8 28. Ng3 Bh6 29. Bxh6
Nxh6 30. g5 fxg5 31. hxg5 Nf7 32. Rh1 Nxg5 33. fxg6 Rxg6 34. Nf5 Rbb6 35. d6 Rbxd6
36. Nxc5 Rd2+ 37. Ke3 Nxc5 0-1

[Event "Druzynowe Mistrzostwa Polski II Liga"]
[Site "Szklarska Poreba"]
[Date "1899-12-30"]
[Round "3.62"]
[White "Nowak, Mikolaj"]
[Black "Dobrowolski, Aleksander"]
[Result "0-1"]
[WhiteTitle "I++"]
[BlackTitle "m"]
[WhiteElo "2088"]
[BlackElo "2266"]

1. d4 Nf6 2. c4 g6 3. Nf3 Bg7 4. g3 O-O 5. Bg2 d6 6. Nc3 Nbd7 7. O-O e5 8. h3 c6
9. e4 Qa5 10. Be3 exd4 11. Bxd4 Re8 12. Qc2 Ne5 13. Nd2 Be6 14. b3 c5 15. Bxe5
dxe5 16. Nd5 Nxd5 17. cxd5 Bd7 18. Nc4 Qa6 19. a4 f5 20. Kh2 Qf6 21. f4 exf4 22.
e5 fxg3+ 23. Kh1 Rxe5 24. Nxe5 Qxe5 25. Qxc5 f4 26. Qc4 Qh5 27. d6+ Kh8 28. Ra2
Bxh3 29. Bxh3 Qxh3+ 30. Kg1 g5 31. Rd2 Rd8 32. Re1 f3 33. Qc7 Bd4+ 0-1

[Event "Druzynowe Mistrzostwa Polski II Liga"]
[Site "Szklarska Poreba"]
[Date "1899-12-30"]
[Round "3.63"]
[White "Kwiecinski, Marian"]
[Black "Kwiatkowski, Wiktor"]
[Result "1/2-1/2"]
[WhiteTitle "k"]
[BlackTitle "I"]
[WhiteElo "2216"]
[BlackElo "1933"]

1. e4 c5 2. Nf3 d6 3. d4 cxd4 4. Nxd4 Nf6 5. Nc3 e6 6. Bc4 a6 7. Bb3 b5 8. Be3
Bb7 9. f3 b4 10. Nce2 d5 11. e5 Nfd7 12. f4 Nc5 13. O-O Nbd7 14. c3 bxc3 15. bxc3
Be7 16. Bc2 f5 17. exf6 Nxf6 18. Rb1 Qd7 19. Nf3 O-O 20. Ne5 Qc7 21. Nd4 Bd6 22.
Ndf3 Nce4 23. Bd4 a5 24. Ng5 Nxg5 25. fxg5 Ne4 26. Qg4 Rae8 27. Rxf8+ Bxf8 28.
Rf1 Bc5 29. Bxe4 dxe4 30. Kh1 Bxd4 31. cxd4 Ba6 32. Re1 e3 33. g6 h6 34. Qf3 Rf8
35. Qxe3 Qc2 36. Nf3 Bc4 37. a3 Bd5 38. Nh4 a4 39. Kg1 Qb2 40. Nf3 Qc2 41. Nh4
Qb2 42. Rf1 Rxf1+ 43. Kxf1 Qb1+ 44. Kf2 Qb2+ 45. Kg3 Qb3 46. Kf4 Qb8+ 47. Kg4
Qxh2 48. g3 Qb2 49. Qf4 Qb7 50. Qd6 Qc8 51. Kh5 Qe8 1/2-1/2

[Event "Druzynowe Mistrzostwa Polski II Liga"]
[Site "Szklarska Poreba"]
[Date "1899-12-30"]
[Round "3.64"]
[White "Matlewski, Adam"]
[Black "Grossmann, Ryszard"]
[Result "1/2-1/2"]
[WhiteTitle "I"]
[BlackTitle "FM"]
[WhiteElo "1825"]
[BlackElo "2070"]

1. d4 c5 2. d5 e5 3. e4 d6 4. Bb5+ Bd7 5. a4 Nf6 6. Nc3 Be7 7. Nf3 O-O 8. h3 a6
9. Bd3 b6 10. O-O Ne8 11. Ne1 Bc8 12. f4 exf4 13. Bxf4 Nd7 14. Nf3 Bf6 15. Qe1
Ne5 16. Bxe5 Bxe5 17. Nxe5 dxe5 18. Qg3 f6 19. Nd1 Nd6 20. Ne3 Bd7 21. Nc4 Qc7
22. Nxd6 Qxd6 23. Ra3 Ra7 24. Be2 a5 25. Bg4 Bxg4 26. Qxg4 Qd7 27. Qxd7 Rxd7 28.
Rb3 Rd6 29. c4 Kf7 30. Rff3 Ke7 31. Rb5 Kd7 32. Kf2 Rf7 33. g4 g5 34. h4 h6 35.
hxg5 hxg5 36. Rh3 Kc7 37. Rbb3 Rd8 38. Rh6 Rdf8 39. Rbh3 Kd7 40. Rb3 Kc7 41. Rf3
Kd7 42. Kg2 Kc7 1/2-1/2

[Event "Druzynowe Mistrzostwa Polski II Liga"]
[Site "Szklarska Poreba"]
[Date "1899-12-30"]
[Round "3.65"]
[White "Helaszek, Edward"]
[Black "Leskiewicz, Ignacy"]
[Result "0-1"]
[WhiteTitle "k"]
[BlackTitle "I+"]
[WhiteElo "2006"]
[BlackElo "1770"]

1. e4 c5 2. Nf3 e6 3. d4 cxd4 4. Nxd4 Nc6 5. Nb5 d6 6. Bf4 e5 7. Be3 Nf6 8. Bg5
a6 9. N5c3 Be6 10. Nd5 Bxd5 11. Bxf6 Qa5+ 12. Nc3 Bxe4 13. Bg5 Nd4 14. Rc1 Bc6
15. Bd2 Qb6 16. b3 Be7 17. Qg4 g6 18. Bc4 f5 19. Qh3 Qc5 20. Ne2 d5 21. Bd3 Ne6
22. c3 Ng5 23. Qh6 Nf7 24. Qh3 f4 25. Nxf4 exf4 26. Bxf4 Bd7 27. Qg3 g5 28. Be3
Qd6 29. Bd4 Rf8 30. Bxh7 Qxg3 31. hxg3 O-O-O 32. Kd2 Nd6 33. f3 Bf5 34. g4 Bxh7
35. Rxh7 Bf6 36. Bc5 Be5 37. Re1 Bf4+ 38. Kd3 Rfe8 39. Ree7 Rxe7 40. Rxe7 Rd7
41. Re6 Kc7 42. a4 Kc6 43. Bd4 Rh7 44. Ke2 Rh2 45. Kf2 Rh1 46. Rg6 Rb1 47. g3
Rb2+ 48. Kf1 Bxg3 49. Rxg5 Rxb3 50. Rg6 b5 51. axb5+ Rxb5 52. Ke2 a5 53. Rg8 Rb2+
54. Kd1 Nc4 55. Ra8 Kb5 56. g5 Rd2+ 57. Kc1 Bf4 58. Bf6 Rf2+ 59. Kb1 Nd2+ 60.
Ka1 Ka4 61. Ra7 Nb3+ 62. Kb1 Nc5 63. Bd4 Rf1+ 64. Kb2 Nd3+ 65. Ka2 Bxg5 66. Bb6
Nc1+ 67. Kb2 Nb3 68. Rg7 Bf6 69. Rg4+ d4 70. cxd4 Kb4 71. Kc2 Rc1+ 72. Kd3 Rc3+
73. Ke2 Kb5 74. Bxa5 Kxa5 75. d5 Nd4+ 76. Kf2 Rxf3+ 77. Kg2 Rf5 78. Rg6 Kb5 79.
d6 Kc6 80. d7 Kxd7 81. Rg8 Ke6 82. Re8+ Kd5 83. Kg3 Be5+ 84. Kg4 Ke4 85. Re7 Rf1
86. Re8 Rg1+ 87. Kh3 Nf5 88. Re6 Rg3+ 89. Kh2 Rf3+ 0-1

[Event "Druzynowe Mistrzostwa Polski II Liga"]
[Site "Szklarska Poreba"]
[Date "1899-12-30"]
[Round "3.66"]
[White "Pastuszko, Kinga"]
[Black "Korosciel, Aneta"]
[Result "0-1"]
[WhiteTitle "k+"]
[BlackTitle "m"]
[WhiteElo "1971"]
[BlackElo "2017"]

1. e4 d6 2. d4 Nf6 3. Nc3 c6 4. f4 Qa5 5. Bd3 e5 6. Nf3 exd4 7. Nxd4 g6 8. Nb3
Qb6 9. Qf3 Bg7 10. Be3 Qc7 11. h3 a5 12. a3 Nbd7 13. O-O O-O 14. Rae1 b6 15. g4
Ba6 16. Nd2 b5 17. Ne2 c5 18. c4 bxc4 19. Bxc4 Qb7 20. g5 Bxc4 21. Nxc4 Nxe4 22.
Ng3 d5 23. Nxe4 dxe4 24. Qf2 Qd5 25. Rd1 Qxc4 26. Rxd7 Qe6 27. Rc7 Rab8 28. Rb1
Qxh3 29. Rxc5 Rb3 30. Re1 Rxb2 31. Re2 Rfb8 32. Rxb2 Rxb2 33. Bd2 Qg4+ 34. Kh2
Qh5+ 35. Kg2 Qf3+ 36. Kg1 Qxf2+ 0-1

[Event "Druzynowe Mistrzostwa Polski II Liga"]
[Site "Szklarska Poreba"]
[Date "1899-12-30"]
[Round "3.67"]
[White "Karwowski, Kacper"]
[Black "Molenda, Marcin"]
[Result "0-1"]
[WhiteTitle "k"]
[BlackTitle "FM"]
[WhiteElo "2238"]
[BlackElo "2411"]

1. e4 c5 2. Nf3 e6 3. d4 cxd4 4. Nxd4 Nc6 5. Nc3 Qc7 6. Be3 a6 7. Be2 Nf6 8. O-O
Be7 9. f4 d6 10. Qe1 O-O 11. Qg3 Nxd4 12. Bxd4 b5 13. a3 Bb7 14. Rae1 Rad8 15.
Kh1 Rd7 16. e5 dxe5 17. Bxe5 Qb6 18. Bd3 g6 19. f5 Nh5 20. Qh3 exf5 21. Rxf5 Rxd3
22. cxd3 gxf5 23. Bg3 f4 24. Rxe7 fxg3 25. Qxh5 Qf6 26. Re1 Bxg2+ 27. Kxg2 Qf2+
28. Kh3 Qxh2+ 29. Kg4 f5+ 30. Kg5 Qd2+ 31. Kh4 Qxe1 32. Qg5+ Kh8 33. Qe7 Qxe7+
0-1

[Event "Druzynowe Mistrzostwa Polski II Liga"]
[Site "Szklarska Poreba"]
[Date "1899-12-30"]
[Round "3.68"]
[White "Czerw, Dawid"]
[Black "Sapis, Witalis"]
[Result "1/2-1/2"]
[WhiteTitle "k"]
[BlackTitle "IM"]
[WhiteElo "2260"]
[BlackElo "2388"]

1. d4 Nf6 2. c4 c6 3. Nc3 d5 4. Nf3 dxc4 5. a4 Bg4 6. Ne5 Bh5 7. f3 Nfd7 8. Nxc4
e5 9. e4 f6 10. Be3 Qc7 11. d5 Bb4 12. Be2 cxd5 13. exd5 Bxc3+ 14. bxc3 Na6 15.
O-O O-O 16. Bd3 Nac5 17. Bf5 Bf7 18. Na3 Qa5 19. c4 Bg6 20. Bd2 Qd8 21. Bxg6 hxg6
22. a5 Qe7 23. Nb5 a6 24. Nc3 f5 25. Be3 e4 26. fxe4 Nxe4 27. Nxe4 Qxe4 28. Bd4
Rac8 29. Re1 Qh4 30. Rc1 Nf6 31. g3 Qg5 32. Be3 Qh5 33. Qxh5 gxh5 34. Bb6 Rf7
35. d6 Ne4 36. Bc7 Rd7 37. c5 Nf6 38. Re5 g6 39. Rce1 Kf8 40. Re6 Nd5 41. Rxg6
Nxc7 42. dxc7 Rdxc7 43. Rb6 Rxc5 44. Rxb7 Rc1 1/2-1/2

[Event "Druzynowe Mistrzostwa Polski II Liga"]
[Site "Szklarska Poreba"]
[Date "1899-12-30"]
[Round "3.69"]
[White "Rudnicki, Milosz"]
[Black "Hrtanek, Jiri"]
[Result "1-0"]
[WhiteTitle "k"]
[BlackTitle "I"]
[WhiteElo "2164"]
[BlackElo "1986"]

1. e4 c5 2. Nf3 Nc6 3. d4 cxd4 4. Nxd4 e5 5. Nb5 d6 6. N1c3 a6 7. Na3 b5 8. Nd5
Be7 9. c4 b4 10. Nc2 Rb8 11. b3 Nf6 12. Bd3 O-O 13. O-O Nd7 14. Nce3 Nc5 15. a3
a5 16. axb4 axb4 17. Bc2 Be6 18. Bb2 Bg5 19. f4 exf4 20. Nxf4 Qd7 21. Ned5 Bg4
22. Qe1 Ne6 23. Qg3 Ned4 24. Bd1 f5 25. h3 Bxf4 26. Nxf4 Bxd1 27. Raxd1 Qa7 28.
Kh1 fxe4 29. Bxd4 Nxd4 30. Qe3 Nc6 31. Qxe4 Ne5 32. Qd5+ Kh8 33. Qxd6 Nf7 34.
Qd2 Nh6 35. Ne6 Rfe8 36. Ng5 Qc5 37. Nf7+ Nxf7 38. Rxf7 h6 39. Qf4 Rbc8 40. Qg3
Rg8 41. Rd5 Qb6 42. Rdd7 Ra8 43. Qe5 Ra5 44. Rxg7 1-0

[Event "Druzynowe Mistrzostwa Polski II Liga"]
[Site "Szklarska Poreba"]
[Date "1899-12-30"]
[Round "3.70"]
[White "Rydzewski, Pawel"]
[Black "Gosciniak, Bartlomiej"]
[Result "1-0"]
[WhiteTitle "I"]
[BlackTitle "I"]
[WhiteElo "1938"]
[BlackElo "1905"]

1. d4 d5 2. Nf3 Nf6 3. c4 c6 4. Nc3 a6 5. a4 e6 6. Bg5 Nbd7 7. e3 Bb4 8. Rc1 Qa5
9. Bxf6 Nxf6 10. Qc2 O-O 11. Bd3 dxc4 12. Bxc4 b5 13. Bd3 Qxa4 14. Qxa4 bxa4 15.
Ke2 a3 16. bxa3 Bxa3 17. Rc2 c5 18. Nb1 Bb4 19. dxc5 a5 20. Nd4 Ba6 21. Bxa6 Rxa6
22. c6 Rc8 23. f4 Nd5 24. Nd2 a4 25. g3 Bc3 26. N2f3 a3 27. e4 a2 28. exd5 Rb6
29. Rxa2 exd5 30. Rc1 1-0

[Event "Druzynowe Mistrzostwa Polski II Liga"]
[Site "Szklarska Poreba"]
[Date "1899-12-30"]
[Round "3.71"]
[White "Kowalski, Maciej"]
[Black "Galuszka, Tomasz"]
[Result "0-1"]
[WhiteTitle "k"]
[BlackTitle "I"]
[WhiteElo "2060"]
[BlackElo "1895"]

1. e4 Nc6 2. Nc3 Nf6 3. g3 e5 4. Bg2 Bc5 5. d3 d6 6. Na4 O-O 7. Ne2 Nd4 8. h3 Nxe2
9. Qxe2 Bb4+ 10. c3 Ba5 11. b4 b5 12. Nb2 Bb6 13. a4 c6 14. O-O a6 15. Be3 Bd7
16. Rfd1 Bxe3 17. Qxe3 Qc8 18. g4 Qc7 19. d4 Be6 20. a5 Rfd8 21. Rdc1 Qa7 22.
Nd3 Bc4 23. Nb2 Be6 24. Rd1 Qe7 25. Re1 h5 26. g5 Nh7 27. h4 f6 28. gxf6 Qxf6
29. Nd3 Bc4 30. dxe5 dxe5 31. Nc5 Qxh4 32. Red1 Nf6 33. Qg3 Kf7 34. Rxd8 Rxd8
35. Nxa6 Nd7 36. Rd1 Ke7 37. Bh3 g5 38. Bf5 Be6 39. Bg6 Bg4 40. Rf1 Ra8 41. Nc7
Rc8 42. Na6 Qxg3+ 43. fxg3 Ra8 44. Rf7+ Kd6 45. Nc5 Nxc5 46. Rf6+ Ne6 47. Bf5
Re8 48. a6 Kc7 49. Rf7+ Kb6 0-1

[Event "Druzynowe Mistrzostwa Polski II Liga"]
[Site "Szklarska Poreba"]
[Date "1899-12-30"]
[Round "3.72"]
[White "Buchta, Agnieszka"]
[Black "Gosciniak, Maria"]
[Result "1/2-1/2"]
[WhiteTitle "I++"]
[BlackTitle "WFM"]
[WhiteElo "1835"]
[BlackElo "2070"]

1. e4 d5 2. exd5 Nf6 3. Bb5+ Bd7 4. Be2 Nxd5 5. d4 Bf5 6. a3 e6 7. Nf3 Be7 8. O-O
O-O 9. c4 Nb6 10. Nc3 Nc6 11. Be3 Bf6 12. h3 h6 13. b4 e5 14. d5 Ne7 15. Qb3 Ng6
16. c5 Nc8 17. Rfd1 Nh4 18. Rac1 Ne7 19. Nxh4 Bxh4 20. Bf3 Ng6 21. d6 c6 22. b5
Qd7 23. bxc6 bxc6 24. Qa4 Rac8 25. Rd2 Bg5 26. Bxg5 hxg5 27. Bg4 Bxg4 28. Qxg4
Qxg4 29. hxg4 Rfd8 30. Rb1 Rd7 31. Ne4 f6 32. g3 Nf8 33. Rdb2 Kf7 34. Rb7 Ke6
35. Rb8 Rdd8 36. Rxc8 Rxc8 37. Rb7 Nd7 38. Rxa7 Rb8 39. Kg2 Rb5 40. a4 Rb4 41.
Kf3 Rc4 42. a5 Ra4 43. Rc7 Ra3+ 44. Kg2 Rxa5 45. Rxc6 Kd5 46. Rc7 Kxe4 47. Rxd7
Rxc5 48. Rxg7 Rd5 49. d7 Kd4 50. Rf7 e4 51. Rxf6 Rxd7 52. Rf5 Rd5 53. Rxd5+ Kxd5
1/2-1/2

[Event "Druzynowe Mistrzostwa Polski II Liga"]
[Site "Szklarska Poreba"]
[Date "1899-12-30"]
[Round "3.73"]
[White "Barglowski, Filip"]
[Black "Daniluk, Jerzy"]
[Result "0-1"]
[WhiteTitle "FM"]
[BlackTitle "k"]
[WhiteElo "2310"]
[BlackElo "2088"]

1. e4 e6 2. d4 d5 3. Nd2 Nf6 4. e5 Nfd7 5. c3 f5 6. g4 Be7 7. gxf5 exf5 8. Bd3
Nf8 9. Ndf3 Be6 10. h4 Qd7 11. Nh3 Nc6 12. Rg1 g6 13. Bh6 Nd8 14. h5 Nf7 15. Qd2
O-O-O 16. O-O-O Kb8 17. Bg5 Nxg5 18. Nfxg5 Bg8 19. Nf4 h6 20. Ngh3 g5 21. Ne2
f4 22. Nhxf4 gxf4 23. Rg7 Ne6 24. Bf5 Qe8 25. Rg6 f3 26. Bxe6 fxe2 27. Rdg1 Bxe6
0-1

[Event "Druzynowe Mistrzostwa Polski II Liga"]
[Site "Szklarska Poreba"]
[Date "1899-12-30"]
[Round "3.74"]
[White "Lisowski, Krzysztof"]
[Black "Winiarski, Mikolaj"]
[Result "0-1"]
[WhiteTitle "k"]
[BlackTitle "FM"]
[WhiteElo "2043"]
[BlackElo "2272"]

1. e4 c5 2. Nf3 Nc6 3. Bb5 e6 4. O-O Nge7 5. Re1 a6 6. Bxc6 Nxc6 7. Nc3 Be7 8.
d4 cxd4 9. Nxd4 d6 10. Nxc6 bxc6 11. Qg4 Kf8 12. b3 e5 13. Qg3 h5 14. Ba3 Rh6
15. Na4 Kg8 16. c4 c5 17. Nc3 Be6 18. Qd3 g5 19. Nd5 Bf8 20. b4 cxb4 21. Bxb4
Rc8 22. Rec1 g4 23. Rab1 h4 24. Bd2 Rg6 25. Rb7 g3 26. fxg3 hxg3 27. hxg3 Bxd5
28. Qxd5 Rc7 29. Rf1 Rxb7 30. Qxb7 Qe8 31. Rf3 d5 32. cxd5 Bc5+ 33. Kh2 Kg7 34.
Be3 Rb6 35. Qc7 Qh8+ 36. Kg1 Rb1+ 37. Kf2 Rb2+ 38. Kg1 Rb1+ 39. Kf2 Rb2+ 40. Kg1
Bxe3+ 41. Rxe3 Rb1+ 42. Kf2 Qh1 43. Qxe5+ f6 44. Qe7+ Kg6 45. Qe8+ Kg7 46. Qd7+
Kg6 47. Qg4+ Kf7 48. Qe6+ Kg7 49. Qe7+ Kg6 50. Qe8+ Kg7 51. Qd7+ Kg6 52. Qg4+
Kf7 53. Qe2 Rg1 54. Kf3 Rf1+ 55. Kg4 Kg6 56. Qxf1 Qxf1 57. Rf3 Qxg2 58. a3 Qh1
59. Re3 Qf1 60. Rf3 Qc1 61. Rd3 Qb1 62. Re3 Kf7 63. Kf4 Qf1+ 64. Rf3 Qa1 65. Rd3
Ke7 66. d6+ Kd7 67. Ke3 Qg1+ 68. Kf3 Qe1 69. g4 Qf1+ 70. Ke3 Qg2 71. a4 Qxg4 72.
Rd5 Qg3+ 73. Ke2 Qb3 74. Rd4 Qc3 0-1

[Event "Druzynowe Mistrzostwa Polski II Liga"]
[Site "Szklarska Poreba"]
[Date "1899-12-30"]
[Round "3.75"]
[White "Chylewski, Patryk"]
[Black "Migala, Andrzej"]
[Result "1-0"]
[WhiteTitle "k++"]
[BlackTitle "I++"]
[WhiteElo "2255"]
[BlackElo "2021"]

1. e4 c5 2. Nf3 d6 3. d4 cxd4 4. Nxd4 Nf6 5. Nc3 a6 6. Bg5 e6 7. f4 Be7 8. Qf3
Qc7 9. O-O-O Nbd7 10. g4 Rb8 11. Bxf6 Bxf6 12. g5 Bxd4 13. Rxd4 b5 14. Kb1 b4
15. Nd1 Nc5 16. Ne3 Nxe4 17. Qxe4 Bb7 18. Nd5 Qc5 19. Rxb4 Bxd5 20. Rxb8+ Kd7
21. Qa4+ Bc6 22. Rb7+ Kc8 23. Bxa6 Bxa4 24. Rb5+ Kc7 25. Rxc5+ dxc5 26. Bd3 g6
27. h4 h6 28. Rf1 Kd6 29. b3 Bc6 30. a4 hxg5 31. hxg5 Rh2 32. Kb2 Bd5 33. a5 Rg2
34. a6 Kc7 35. Ra1 Rf2 36. Ra4 Kb6 37. Kc3 Ka7 38. Bb5 Rf3+ 39. Kd2 Rf2+ 40. Kd3
Rg2 41. Be8 e5 42. fxe5 Rg3+ 43. Kd2 Rg2+ 44. Kc3 Rg3+ 45. Kb2 Rxg5 46. Rf4 Rxe5
47. Bxf7 Bxf7 48. Rxf7+ Kxa6 49. Rf6+ Kb7 50. Rxg6 Re3 51. Kc1 Re2 52. Kb2 Re3
53. Rd6 Rh3 54. Rf6 Rg3 55. Rh6 Rf3 56. Rd6 Rh3 57. c4 Kc7 58. Rg6 Rf3 59. Ka3
Rf8 60. Ra6 Rb8 61. Rh6 Kd7 62. Rh3 Kc6 63. Rh6+ Kd7 64. Kb2 Kc7 65. Kc3 Kd7 66.
Ra6 Kc7 67. Ra3 Kd6 68. Kd3 Rb6 69. Ke4 Ke6 70. Ra5 Rxb3 71. Ra6+ Kd7 72. Kd5
Rh3 73. Ra7+ Kc8 74. Kxc5 Rh6 75. Kb5 Kb8 76. Rg7 Rf6 77. c5 Rh6 78. Rd7 Kc8 79.
Re7 Kb8 80. Rg7 Rf6 81. Rh7 Rg6 82. Kc4 Rg4+ 83. Kd5 Rg5+ 84. Kd6 Rg6+ 85. Kd5
Rf6 86. Rd7 Kc8 87. Rd6 Rxd6+ 88. Kxd6 Kd8 89. c6 1-0

[Event "Druzynowe Mistrzostwa Polski II Liga"]
[Site "Szklarska Poreba"]
[Date "1899-12-30"]
[Round "3.76"]
[White "Jedra, Waldemar"]
[Black "Rozycki, Bartlomiej"]
[Result "0-1"]
[WhiteTitle "I"]
[BlackTitle "k++"]
[WhiteElo "2020"]
[BlackElo "2157"]

1. c4 e5 2. g3 Nf6 3. Bg2 c6 4. d4 exd4 5. Qxd4 d5 6. Nf3 dxc4 7. Qxc4 Be6 8. Qc2
Nbd7 9. O-O Bc5 10. Nbd2 O-O 11. b3 Re8 12. Bb2 Bd5 13. e3 a5 14. Nd4 Bxg2 15.
Kxg2 Bf8 16. Rae1 a4 17. bxa4 Qa5 18. e4 Bb4 19. N4b3 Qxa4 20. e5 Nd5 21. Re4
Qb5 22. Rh4 Nf8 23. Ra1 Be7 24. Re4 Nb4 25. Qb1 Qd5 26. Kg1 Ne6 27. Re3 Ng5 28.
h4 Nh3+ 29. Kf1 Bxh4 30. Ne4 Bd8 31. a3 Qc4+ 32. Kg2 Nc2 33. Nbd2 Nxe3+ 34. fxe3
Qe2+ 35. Kxh3 Re6 36. Nf6+ gxf6 37. Qd1 Qxd1 38. Rxd1 fxe5 39. Ne4 Be7 0-1

[Event "Druzynowe Mistrzostwa Polski II Liga"]
[Site "Szklarska Poreba"]
[Date "1899-12-30"]
[Round "3.77"]
[White "Kokoszczynski, Jan"]
[Black "Kupryjaniuk, Tomasz"]
[Result "1-0"]
[WhiteTitle "k"]
[BlackTitle "I"]
[WhiteElo "2103"]
[BlackElo "1844"]

1. e4 Nc6 2. Nf3 f5 3. exf5 d5 4. Nh4 Nh6 5. Qh5+ Nf7 6. Bb5 Qd6 7. g3 g6 8. Qe2
g5 9. Nf3 Bxf5 10. d4 Qf6 11. Ne5 Be4 12. O-O Nfxe5 13. dxe5 Qg6 14. Nc3 Bxc2
15. Nxd5 O-O-O 16. Bxc6 bxc6 17. Qa6+ Kd7 18. Nb4 Be4 19. Rd1+ Ke8 20. Rxd8+ Kxd8
21. Qxa7 Qf5 22. e6 Qxe6 23. Qd4+ Ke8 24. Bxg5 Rg8 25. Re1 Rxg5 26. Qxe4 Qxe4
27. Rxe4 c5 28. Nc2 Rd5 29. Re2 Bg7 30. Ne3 Rd3 31. b3 Kd7 32. Kg2 Bd4 33. Nc4
Rd1 34. h4 e6 35. g4 Ke7 36. Ne3 Rd3 37. Nd5+ Kd7 38. Nf4 Rd1 39. Nxe6 Kd6 40.
Ng5 Kd5 1-0